000 00539nam a2200229Ia 4500
003 OSt
005 20220924153222.0
006 a|||||r|||| 00| 0
007 ta
008 220923b |||||||| |||| 00| 0 guj d
024 _a347305
037 _cTextual
040 _aARTS
_cARTS
_bguj
041 _2guj
_aguj
082 _aU8.6, 156J8
100 _aJoshi
_918016
245 0 _aSimirti parsanga
260 _c1958
650 _aGEOGRAPHY
942 _hU8.6, 156J8
_cTEXL
_2CC
999 _c472789
_d472789